PRACTICAL PEDIATRICS (Record no. 10906)

MARC details
000 -LEADER
fixed length control field 00312nam a22001457a 4500
003 - CONTROL NUMBER IDENTIFIER
control field SGT
020 ## - INTERNATIONAL STANDARD BOOK NUMBER
International Standard Book Number 81-8147-544-5
082 ## - DEWEY DECIMAL CLASSIFICATION NUMBER
Classification number 610.7362
Item number P05S
100 ## - MAIN ENTRY--PERSONAL NAME
Personal name SATHY, N.
245 ## - TITLE STATEMENT
Title PRACTICAL PEDIATRICS
260 ## - PUBLICATION, DISTRIBUTION, ETC. (IMPRINT)
Place of publication, distribution, etc INDIA
Name of publisher, distributor, etc ELSEVIER
Year of Publication 2005
300 ## - PAGE DESCRIPTION
No. of Pages 288
650 ## - SUBJECT ADDED ENTRY--TOPICAL TERM
Topical term or geographic name as entry element PEDIATRICS
942 ## - ADDED ENTRY ELEMENTS (KOHA)
Source of classification or shelving scheme Dewey Decimal Classification
Koha item type Books
942 ## - ADDED ENTRY ELEMENTS (KOHA)
-- 4
Holdings
Withdrawn status Lost status Source of classification or shelving scheme Damaged status Not for loan Collection code Home library Current library Shelving location Date acquired Vendor Name Cost, normal purchase price SGTU Bill Number Total Checkouts Full call number Accession No. (Barcode) Date last seen Date last borrowed Bill Date Koha item type Total Renewals
    Dewey Decimal Classification     NURSING SGT Medical Library SGT Medical Library Text Book 13/02/2017 ABC 575.00 SGTU 7429 1 610.7362 P05S FN3297 29/11/2024 29/11/2024 04/11/2016 Books  
    Dewey Decimal Classification     NURSING SGT Medical Library SGT Medical Library Text Book 13/02/2017 ABC 575.00 SGTU 7429 3 610.7362 P05S FN3298 23/08/2022 23/08/2022 04/11/2016 Books 1